| 000 | 00696nam a2200193 a 4500 | ||
|---|---|---|---|
| 001 | 000727563 | ||
| 003 | AM-YeHGA | ||
| 005 | 20250617143051.0 | ||
| 008 | 100412s1968 ||| r 000 0 rus d | ||
| 040 | _aAM-YeHGA | ||
| 041 | 0 | _arus | |
| 245 | 0 | 0 |
_aКалинин : _bПутеводитель / _cСост. Николай Мазурин. |
| 260 |
_aМосква : _bМоск. рабочий, _c1968. |
||
| 300 |
_a175 с. : _bил., [1] л. схем. |
||
| 653 | 0 | _aГорода Тверской области - Путеводители | |
| 653 | 0 | _aКалинин - Путеводители | |
| 700 | 1 |
_aМазурин, Николай Иванович _eсост. _4com |
|
| 090 | _c270539 | ||
| 999 |
_c268902 _d268902 |
||